| 000 | 00826nam a22002652a 4500 | ||
|---|---|---|---|
| 001 | 31432 | ||
| 003 | BD-RjUL | ||
| 005 | 20211209051712.0 | ||
| 008 | 140415r1971 ii b 000 0 eng d | ||
| 035 |
_a(BD-RjUL)31519 _aOCLC ocm00657983 from D951002M |
||
| 040 |
_aDLC _cDLC _dEQO _dBD-RjUL _beng |
||
| 041 | _aeng | ||
| 082 | 0 | 0 |
_a294.12 _bGRR 1971 |
| 100 | 1 |
_aGriswold, H. D. _q(Hervey De Witt), _d1860-1945. _995645 |
|
| 245 | 1 | 4 |
_aThe religion of the Rigveda / _cby H. D. Griswold |
| 250 | _a1st Indian ed. | ||
| 260 |
_aDelhi : _bMotilal Banarsidass, _c1971. |
||
| 300 |
_axxiv, 392 p. ; _c22 cm. |
||
| 500 | _aFirst published in 1923 | ||
| 504 | _aIncludes bibliographical references and index. | ||
| 650 | 0 |
_aBrahmanism _988323 |
|
| 650 | 0 |
_aHindu mythology _995646 |
|
| 942 |
_2ddc _cBK |
||
| 999 |
_c31432 _d31432 |
||